=LDR 00000nam 2200000 4500 =001 INLIS000000000060591 =005 20220224093346 =035 ##$$a 0010-0222000145 =007 ta =008 220224###########################0#ind## =020 ##$$a tidak Teridentifikasi =082 ##$$a 297.01 =084 ##$$a 297.01 Akb k =245 1#$$a Ke Arah Antropologi Islam : $b Definisi, Dogma dan Tujuan /$c Dr. Akbar S. Ahmad =300 ##$$a 158 halaman ; $c 20 cm =650 #4$$a Islam dan Antropologi =264 ##$$a Jakarta :$b Media Da'wah,$c Tidak teridentifikasi =336 ##$$a teks$2 rdacontent =337 ##$$a lain-lain$2 rdamedia =338 ##$$a lain-lain$2 rdacarrier =990 ##$$a 06810681